000 00479nam a2200181Ia 4500
005 20250326143819.0
008 250326s9999 xx 000 0 und d
037 _aTextbook
040 _aFMSL
_beng
_cFMSL
041 _aeng
_2eng
084 _aD:82
_qFMSL
100 _aYo PO
_9748560
245 0 _aPoka-Yoke : book on mistake proofing
_cYo PO
260 _aNew Delhi
_bNew Delhi, J I P M
_c2003
300 _a154p
942 _cTB
_hD:82
999 _c1301161
_d1301161